Top 20 des Destinations Touristiques Mondiales (2024/2025) - Statistiques

Statistiques générales
  • Ce quiz a été pris 80 fois
  • Le résultat moyen est 18 sur 20
Statistiques - réponses
Hint Réponse % Correct
Europe de l'Ouest ~100-102 France
99%
Europe du Sud ~85-93 Espagne
97%
Amérique du Nord ~66-72 États-Unis
97%
Europe du Sud ~57 Italie
97%
Amérique du Nord ~18-20 Canada
96%
Asie de l'Est ~50-60 Chine
96%
Asie de l'Est ~36 Japon
96%
Europe du Sud ~33-36 Grèce
95%
Europe du Nord ~41 Royaume-Uni
93%
Moyen-Orient / Europe ~55 Turquie
93%
Europe Centrale ~37 Allemagne
92%
Amérique du Nord ~42-45 Mexique
92%
Asie du Sud-Est ~28 Thaïlande
92%
Moyen-Orient ~27+ Arabie Saoudite
84%
Europe Centrale ~32 Autriche
84%
Europe Centrale ~19 Pologne
81%
Moyen-Orient ~15 Émirats Arabes Unis
77%
Europe du Sud ~17-19 Croatie
75%
Europe Centrale ~15 Hongrie
68%
Europe de l'Ouest ~20+ Pays-Bas
68%
Aucun quiz correspondant
Distribution des résultats
% des personnes avec chaque résultat
Percentile par nombre de réponses
Votre historique - résultats
Vous n’avez pas pris ce quiz